| 000 | 00531nam a2200205Ia 4500 | ||
|---|---|---|---|
| 008 | 180207s9999 xx 000 0 und d | ||
| 020 | _a9780874756006 | ||
| 050 | _bC834 1988 | ||
| 100 | _aCosgrove, Stephen | ||
| 245 | _aSkeeter : | ||
| 245 | _bBugg off / | ||
| 245 | _cby Stephen Cosgrove ; illustrated by Charles Reasoner. | ||
| 260 | _aWestport, CT : | ||
| 260 | _bH. S. Stuttman Inc., | ||
| 260 | _c1988 | ||
| 300 | _aunpaged : | ||
| 300 | _bchiefly colored ; | ||
| 300 | _c18cm. | ||
| 440 | _aA topsy-turvy book. | ||
| 999 |
_c355737 _d355737 |
||